000 00255nam a2200109Ia 4500
008 190914s9999||||xx |||||||||||||| ||und||
100 _aDerek L Walker
245 0 _aOperations Management
260 _aLondon
_bAddison
_c1970
300 _a350
942 _cBK
999 _c8490
_d8490